[Event "CRO-chT1A 30th"]
[Site "Porec"]
[Date "2022.09.30"]
[Round "7.3"]
[White "Boric, Muhamed"]
[Black "Medak, Bojan"]
[Result "1/2-1/2"]
[WhiteElo "2356"]
[BlackElo "2353"]
[PlyCount "21"]
[EventDate "2022.09.24"]
[EventType "team-tourn"]
[EventRounds "9"]
[EventCountry "CRO"]
[SourceTitle "CBM 210 Extra"]
[Source "ChessBase"]
[SourceDate "2022.11.30"]
[SourceVersion "1"]
[SourceVersionDate "2022.11.30"]
[SourceQuality "1"]
[WhiteTeam "Novo Virje Konaki"]
[BlackTeam "Osijek Ferit"]
[WhiteTeamCountry "CRO"]
[BlackTeamCountry "CRO"]

1. d4 Nf6 2. Nf3 c5 3. c3 e6 4. Bf4 cxd4 5. cxd4 Qb6 6. Qc2 Nc6 7. e3 Nb4 8. Qc1 Nbd5 9. Bg3 Ne4 10. Bd3 Nxg3 11. hxg3 1/2-1/2

[Event "BIH-chT 29th"]
[Site "Bihac"]
[Date "2022.08.24"]
[Round "2.2"]
[White "Boric, Muhamed"]
[Black "Avdic, Mirza"]
[Result "1-0"]
[WhiteElo "2356"]
[BlackElo "2010"]
[PlyCount "91"]
[EventDate "2022.08.23"]
[EventType "tourn"]
[EventRounds "9"]
[EventCountry "BIH"]
[SourceTitle "CBM 210 Extra"]
[Source "ChessBase"]
[SourceDate "2022.11.30"]
[SourceVersion "1"]
[SourceVersionDate "2022.11.30"]
[SourceQuality "1"]

1. d4 Nf6 2. Nf3 c5 3. c3 e6 4. Bf4 b6 5. e3 Bb7 6. Nbd2 Be7 7. h3 0-0 8. Bd3 d6 9. 0-0 Nbd7 10. Bh2 Qc7 11. Rc1 Rac8 12. Qe2 Rfd8 13. Rfd1 Nf8 14. Qf1 Qb8 15. a4 Qa8 16. a5 N8d7 17. axb6 cxd4 18. exd4 Nxb6 19. Ba6 Na4 20. Rc2 Rb8 21. Bxb7 Qxb7 22. Ra1 Nb6 23. Qa6 Qc6 24. Ne1 Ra8 25. Nd3 Rdc8 26. Ra5 d5 27. Rc1 Nfd7 28. Rca1 Bd6 29. Bxd6 Qxd6 30. Nb3 Nb8 31. Qb5 Nc6 32. Ra6 Rab8 33. Qc5 Qd8 34. Qa3 Qg5 35. Nbc5 Qd2 36. Qa2 Nc4 37. b3 Qxc3 38. bxc4 dxc4 39. Rc1 Qxd4 40. Qxc4 Qxc4 41. Rxc4 Ne7 42. Rxa7 Nd5 43. Kh2 h6 44. Ne5 Rb2 45. Rxf7 Re2 46. Nxe6 1-0

[Event "BIH-chT 29th"]
[Site "Bihac"]
[Date "2022.08.24"]
[Round "3.2"]
[White "Culum, Sanjin"]
[Black "Boric, Muhamed"]
[Result "1/2-1/2"]
[WhiteElo "2351"]
[BlackElo "2356"]
[PlyCount "38"]
[EventDate "2022.08.23"]
[EventType "tourn"]
[EventRounds "9"]
[EventCountry "BIH"]
[SourceTitle "CBM 210 Extra"]
[Source "ChessBase"]
[SourceDate "2022.11.30"]
[SourceVersion "1"]
[SourceVersionDate "2022.11.30"]
[SourceQuality "1"]

1. d4 Nf6 2. Nf3 g6 3. c4 Bg7 4. g3 0-0 5. Bg2 d5 6. cxd5 Nxd5 7. 0-0 Nb6 8. Nc3 Nc6 9. d5 Na5 10. e4 c6 11. Bf4 cxd5 12. exd5 e6 13. Bg5 f6 14. Bf4 e5 15. Be3 Bg4 16. h3 Bxf3 17. Bxf3 f5 18. d6 Kh8 19. Nb5 Qd7 1/2-1/2

[Event "BIH-chT 29th"]
[Site "Bihac"]
[Date "2022.08.23"]
[Round "1.2"]
[White "Boric, Muhamed"]
[Black "Trkulja, Goran"]
[Result "1/2-1/2"]
[WhiteElo "2356"]
[BlackElo "2260"]
[PlyCount "20"]
[EventDate "2022.08.23"]
[EventType "tourn"]
[EventRounds "9"]
[EventCountry "BIH"]
[SourceTitle "CBM 210 Extra"]
[Source "ChessBase"]
[SourceDate "2022.11.30"]
[SourceVersion "1"]
[SourceVersionDate "2022.11.30"]
[SourceQuality "1"]

1. d4 d5 2. Nf3 e6 3. c4 c6 4. Qc2 Nd7 5. g3 Ngf6 6. Nbd2 Bd6 7. Bg2 0-0 8. 0-0 Qe7 9. e4 Nxe4 10. Nxe4 dxe4 1/2-1/2

[Event "Oberliga Baden 2122"]
[Site "Germany"]
[Date "2021.10.10"]
[Round "1.1"]
[White "Boric, Muhamed"]
[Black "Wagner, Dennis"]
[Result "1/2-1/2"]
[WhiteElo "2356"]
[BlackElo "2576"]
[PlyCount "116"]
[EventDate "2021.10.10"]
[EventType "team-tourn"]
[EventRounds "11"]
[EventCountry "GER"]
[SourceTitle "EXT 2023"]
[Source "ChessBase"]
[SourceDate "2022.10.05"]
[SourceVersion "1"]
[SourceVersionDate "2022.10.05"]
[SourceQuality "1"]
[WhiteTeam "Untergrombach"]
[BlackTeam "Viernheim II"]
[WhiteTeamCountry "GER"]
[BlackTeamCountry "GER"]

1. d4 Nf6 2. Nf3 g6 3. Bg5 Bg7 4. Nbd2 0-0 5. c3 d6 6. e3 h6 7. Bh4 b6 8. Bd3 Bb7 9. 0-0 Nbd7 10. Re1 e5 11. e4 Qe8 12. a4 a6 13. Qc2 Nh5 14. Bg3 Nxg3 15. hxg3 Nf6 16. Nc4 Ng4 17. Ne3 h5 18. dxe5 Nxe3 19. Rxe3 dxe5 20. Ree1 Qe7 21. Rad1 Bh6 22. Qe2 Rfd8 23. Bc4 a5 24. Bd5 c6 25. Bb3 Qf6 26. Rxd8+ Rxd8 27. Rd1 Rxd1+ 28. Qxd1 Bc8 29. Qd3 Bg4 30. Nh2 Bf8 31. Nxg4 hxg4 32. Qd2 Bc5 33. Bd1 Qe6 34. Qg5 Qa2 35. Qd2 Kg7 36. Qe2 Qb1 37. Kf1 Qc1 38. Qc2 Qh6 39. Kg1 Qg5 40. Be2 Kf8 41. b4 axb4 42. cxb4 Bxb4 43. Qxc6 Bc5 44. Qc8+ Kg7 45. Qxg4 Qd2 46. Qf3 Qc2 47. Bb5 Qc1+ 48. Kh2 Qe1 49. Qe2 Qxe2 50. Bxe2 Bxf2 51. g4 Kh6 52. g3 Kg5 53. Kg2 Bd4 54. Kf3 Bc5 55. Bc4 f6 56. Be6 Bd4 57. Bd7 Bc5 58. Be6 Bd4 1/2-1/2

[Event "Hessenliga 1921"]
[Site "Hessen"]
[Date "2021.09.04"]
[Round "8.3"]
[White "Kaliski, Erwin"]
[Black "Boric, Muhamed"]
[Result "1-0"]
[WhiteElo "2175"]
[BlackElo "2365"]
[PlyCount "57"]
[EventDate "2019.09.22"]
[EventType "team-tourn"]
[EventRounds "9"]
[EventCountry "GER"]
[SourceTitle "EXT 2024"]
[Source "ChessBase"]
[SourceDate "2023.10.10"]
[SourceVersion "1"]
[SourceVersionDate "2023.10.10"]
[SourceQuality "1"]
[WhiteTeam "Bad Homburg"]
[BlackTeam "Hofheim II"]
[WhiteTeamCountry "GER"]
[BlackTeamCountry "GER"]

1. e4 Nf6 2. e5 Nd5 3. d4 d6 4. Nf3 Bg4 5. Be2 e6 6. h3 Bh5 7. 0-0 Be7 8. c4 Nb6 9. Nc3 0-0 10. Bf4 a6 11. b3 N8d7 12. Re1 f6 13. exf6 Bxf6 14. Be3 d5 15. Rc1 dxc4 16. bxc4 Bxf3 17. Bxf3 Nxc4 18. Bxb7 Nxe3 19. fxe3 Ra7 20. Qb3 Kh8 21. Ne4 e5 22. d5 Be7 23. Red1 Nf6 24. d6 cxd6 25. Ng5 d5 26. Bxd5 Qa5 27. Nf7+ Rxf7 28. Bxf7 Ra8 29. Qb7 1-0

[Event "Hessenliga 1921"]
[Site "Hessen"]
[Date "2020.03.08"]
[Round "7.4"]
[White "Nothnagel, Markus"]
[Black "Boric, Muhamed"]
[Result "1/2-1/2"]
[WhiteElo "2210"]
[BlackElo "2365"]
[PlyCount "93"]
[EventDate "2019.09.22"]
[EventType "team-tourn"]
[EventRounds "9"]
[EventCountry "GER"]
[SourceTitle "EXT 2024"]
[Source "ChessBase"]
[SourceDate "2023.10.10"]
[SourceVersion "1"]
[SourceVersionDate "2023.10.10"]
[SourceQuality "1"]
[WhiteTeam "Griesheim II"]
[BlackTeam "Hofheim II"]
[WhiteTeamCountry "GER"]
[BlackTeamCountry "GER"]

1. b3 Nf6 2. Bb2 g6 3. e4 d6 4. g3 Bg7 5. Bg2 h5 6. h3 c5 7. Ne2 e5 8. c4 Nc6 9. Nbc3 Be6 10. d3 a6 11. Nd5 h4 12. g4 Bxd5 13. exd5 Ne7 14. Qd2 Nd7 15. f4 Rh7 16. fxe5 Nxe5 17. d4 cxd4 18. Nxd4 Qb6 19. Be4 f5 20. gxf5 gxf5 21. Bg2 0-0-0 22. Ne6 Bh6 23. Qd4 Qxd4 24. Bxd4 Nd3+ 25. Kf1 Rg8 26. Rg1 Rg3 27. Rd1 Ng6 28. Bh1 Nb4 29. Bf2 Rxg1+ 30. Bxg1 Nxa2 31. Bh2 Nc3 32. Rd4 Kd7 33. c5 Nb5 34. Rc4 Be3 35. cxd6 Bb6 36. Bf3 Rh8 37. Rc2 Nxd6 38. Rg2 Ne7 39. Rg7 Ne8 40. Rg5 Be3 41. Rg2 Nd6 42. Ke2 Bb6 43. Rg7 Ne8 44. Rg5 Nd6 45. Rg7 Ne8 46. Rf7 Nd6 47. Rg7 1/2-1/2

[Event "CRO Cup"]
[Site "Mali Losinj"]
[Date "2019.05.19"]
[Round "6.54"]
[White "Boric, Muhamed"]
[Black "Kovacevic, Veljko"]
[Result "1-0"]
[WhiteElo "2351"]
[BlackElo "2183"]
[PlyCount "89"]
[EventDate "2019.05.15"]
[EventType "team-swiss"]
[EventRounds "6"]
[EventCountry "CRO"]
[SourceTitle "CBM 190 Extra"]
[Source "ChessBase"]
[SourceDate "2019.07.15"]
[SourceVersion "1"]
[SourceVersionDate "2019.07.15"]
[SourceQuality "1"]
[WhiteTeam "Novo Virje Konaki"]
[BlackTeam "Bjelovar"]
[WhiteTeamCountry "CRO"]
[BlackTeamCountry "CRO"]

1. d4 Nf6 2. Nf3 c5 3. c3 e6 4. Bf4 Nc6 5. e3 d5 6. Nbd2 Bd6 7. Bg3 Bxg3 8. hxg3 Qd6 9. a3 a6 10. Bd3 e5 11. dxe5 Nxe5 12. Nxe5 Qxe5 13. Qa4+ Bd7 14. Qf4 Qxf4 15. gxf4 Bb5 16. Ke2 Bxd3+ 17. Kxd3 0-0 18. Nf3 Ne4 19. Ke2 Rad8 20. Rad1 Rd6 21. Nd2 Rfd8 22. Nxe4 dxe4 23. Rxd6 Rxd6 24. Rh5 Rb6 25. b4 cxb4 26. axb4 f6 27. Rc5 Kf7 28. Rc7+ Kg6 29. f3 exf3+ 30. Kxf3 f5 31. g4 fxg4+ 32. Kxg4 h5+ 33. Kf3 Kf6 34. e4 g5 35. Rc5 g4+ 36. Kg3 Rc6 37. Rxh5 Rxc3+ 38. Kxg4 Rc4 39. e5+ Kg6 40. Rg5+ Kf7 41. Kf5 Rxb4 42. e6+ Ke7 43. Rg7+ Kd6 44. Rd7+ Kc6 45. Rd1 1-0

[Event "CRO Cup"]
[Site "Mali Losinj"]
[Date "2019.05.17"]
[Round "4.24"]
[White "Rogic, Davor"]
[Black "Boric, Muhamed"]
[Result "1/2-1/2"]
[WhiteElo "2498"]
[BlackElo "2351"]
[PlyCount "48"]
[EventDate "2019.05.15"]
[EventType "team-swiss"]
[EventRounds "6"]
[EventCountry "CRO"]
[SourceTitle "CBM 190 Extra"]
[Source "ChessBase"]
[SourceDate "2019.07.15"]
[SourceVersion "1"]
[SourceVersionDate "2019.07.15"]
[SourceQuality "1"]
[WhiteTeam "Solin Cemex"]
[BlackTeam "Novo Virje Konaki"]
[WhiteTeamCountry "CRO"]
[BlackTeamCountry "CRO"]

1. e4 c5 2. Nf3 d6 3. d4 cxd4 4. Nxd4 Nf6 5. Nc3 a6 6. a4 e5 7. Nf3 Be7 8. Bg5 Be6 9. Bxf6 Bxf6 10. Nd5 Nd7 11. a5 Rc8 12. b3 Nc5 13. Nxf6+ Qxf6 14. Qxd6 Nxe4 15. Qxe5 Qxe5 16. Nxe5 Rxc2 17. Bd3 Rc5 18. Nxf7 Kxf7 19. Bxe4 Re5 20. f3 Bd5 21. 0-0 Bxe4 22. fxe4+ Ke6 23. Rac1 Re8 24. Rc4 Rxa5 1/2-1/2

[Event "BIH-chT 17th"]
[Site "Jahorina"]
[Date "2018.06.07"]
[Round "6.1"]
[White "Trumic, Enes"]
[Black "Boric, Muhamed"]
[Result "1/2-1/2"]
[WhiteElo "2259"]
[BlackElo "2368"]
[PlyCount "95"]
[EventDate "2018.06.02"]
[EventType "team-tourn"]
[EventRounds "9"]
[EventCountry "BIH"]
[SourceTitle "CBM 184 Extra"]
[Source "ChessBase"]
[SourceDate "2018.06.28"]
[SourceVersion "1"]
[SourceVersionDate "2018.06.28"]
[SourceQuality "1"]
[WhiteTeam "Tuzla Sloboda"]
[BlackTeam "Pazaric Bjelasnica"]
[WhiteTeamCountry "BIH"]
[BlackTeamCountry "BIH"]

1. d4 Nf6 2. c4 g6 3. Nc3 d5 4. Nf3 Bg7 5. cxd5 Nxd5 6. Qb3 Nb6 7. e4 0-0 8. Be3 Be6 9. d5 Bg4 10. a4 a5 11. Be2 e6 12. 0-0 exd5 13. Nxd5 Nxd5 14. exd5 Nd7 15. h3 Bxf3 16. Bxf3 b6 17. d6 Rb8 18. dxc7 Qxc7 19. Rfd1 Nc5 20. Qb5 Rfd8 21. Rxd8+ Rxd8 22. Rc1 Bd4 23. Bg5 Rb8 24. Re1 Qg3 25. Be3 Bxe3 26. Rxe3 Qd6 27. g4 Kg7 28. b4 axb4 29. Qxb4 Rd8 30. a5 bxa5 31. Qxa5 Ne6 32. Qe5+ Qxe5 33. Rxe5 Nf4 34. Kh2 Rd3 35. Re3 Rxe3 36. fxe3 Nd3 37. Be2 Ne5 38. Kg3 g5 39. Kf2 Kf6 40. Ba6 Ke6 41. Ke2 Kd5 42. Bb7+ Kc4 43. Be4 h6 44. Bf5 Kc3 45. Be4 f6 46. Bf5 Nf7 47. Bg6 Nd6 48. Bh7 1/2-1/2

[Event "BIH-chT 16th"]
[Site "Sarajevo"]
[Date "2017.08.26"]
[Round "3.5"]
[White "Boric, Muhamed"]
[Black "Jelecevic, Ivo"]
[Result "1-0"]
[WhiteElo "2377"]
[BlackElo "2101"]
[PlyCount "32"]
[EventDate "2017.08.24"]
[EventType "team-tourn"]
[EventRounds "9"]
[EventCountry "BIH"]
[SourceTitle "CBM 180 Extra"]
[Source "ChessBase"]
[SourceDate "2017.10.06"]
[SourceVersion "1"]
[SourceVersionDate "2017.10.06"]
[SourceQuality "1"]
[WhiteTeam "Pazaric Bjelasnica"]
[BlackTeam "Samac"]
[WhiteTeamCountry "BIH"]
[BlackTeamCountry "BIH"]

1. c4 c6 2. e4 d5 3. exd5 cxd5 4. cxd5 Nf6 5. Bb5+ Bd7 6. Bc4 b5 7. Be2 Nxd5 8. d4 e6 9. Nf3 Nc6 10. 0-0 b4 11. Nbd2 Nf4 12. Ne4 Nxe2+ 13. Qxe2 Be7 14. Rd1 0-0 15. Bf4 Qb6 16. Be3 Qb8 1-0

[Event "CRO-chT2 Center 26th"]
[Site "Croatia"]
[Date "2017.04.02"]
[Round "3.21"]
[White "Boric, Muhamed"]
[Black "Muha, Miljenko"]
[Result "1-0"]
[WhiteElo "2373"]
[BlackElo "2261"]
[PlyCount "73"]
[EventDate "2017.03.26"]
[EventType "team-tourn"]
[EventRounds "11"]
[EventCountry "CRO"]
[SourceTitle "EXT 2019"]
[Source "ChessBase"]
[SourceDate "2018.10.10"]
[SourceVersion "1"]
[SourceVersionDate "2018.10.10"]
[SourceQuality "1"]

1. Nf3 b6 2. g3 Bb7 3. Bg2 g6 4. 0-0 Bg7 5. c4 Nf6 6. d4 Na6 7. d5 Nc5 8. Nc3 Nfe4 9. Nxe4 Nxe4 10. Qc2 f5 11. Ng5 Nd6 12. Rb1 a5 13. Re1 0-0 14. e4 fxe4 15. Nxe4 Nf5 16. Bg5 h6 17. Bd2 c6 18. Bc3 cxd5 19. Bxg7 Kxg7 20. Nc3 Rc8 21. cxd5 Rf7 22. Qd2 Rc4 23. b3 Rc5 24. Rbc1 Kh7 25. Na4 Rxc1 26. Rxc1 Rf6 27. Nc3 Nd6 28. a4 Rf7 29. h4 Qh8 30. Qe3 Qd8 31. Ne2 Nf5 32. Qd3 Rf6 33. h5 Kg7 34. hxg6 Qf8 35. Nf4 Rd6 36. Rc7 Qb8 37. Qxf5 1-0

[Event "CRO-chT2 Center 26th"]
[Site "Croatia"]
[Date "2017.04.02"]
[Round "4.61"]
[White "Slogar, Dubravko"]
[Black "Boric, Muhamed"]
[Result "1/2-1/2"]
[WhiteElo "2275"]
[BlackElo "2373"]
[PlyCount "24"]
[EventDate "2017.03.26"]
[EventType "team-tourn"]
[EventRounds "11"]
[EventCountry "CRO"]
[SourceTitle "EXT 2019"]
[Source "ChessBase"]
[SourceDate "2018.10.10"]
[SourceVersion "1"]
[SourceVersionDate "2018.10.10"]
[SourceQuality "1"]

1. Nf3 Nf6 2. d4 g6 3. Bg5 Bg7 4. e3 0-0 5. Be2 c5 6. c3 d6 7. Nbd2 Nc6 8. 0-0 Bf5 9. Re1 cxd4 10. exd4 a6 11. a4 Qc7 12. Nc4 Nd5 1/2-1/2

[Event "CRO-chT2 Center 26th"]
[Site "Croatia"]
[Date "2017.03.26"]
[Round "1.31"]
[White "Boric, Muhamed"]
[Black "Kristovic, Marijan"]
[Result "1-0"]
[WhiteElo "2373"]
[BlackElo "2300"]
[PlyCount "95"]
[EventDate "2017.03.26"]
[EventType "team-tourn"]
[EventRounds "11"]
[EventCountry "CRO"]
[SourceTitle "EXT 2019"]
[Source "ChessBase"]
[SourceDate "2018.10.10"]
[SourceVersion "1"]
[SourceVersionDate "2018.10.10"]
[SourceQuality "1"]

1. Nf3 c5 2. c4 Nc6 3. g3 b6 4. Bg2 Bb7 5. 0-0 g6 6. e3 Bg7 7. d4 cxd4 8. exd4 Na5 9. b3 Nf6 10. Ba3 0-0 11. Re1 Re8 12. Nc3 d5 13. Ne5 e6 14. Rc1 dxc4 15. Bxb7 Nxb7 16. bxc4 Bf8 17. Bb2 Na5 18. Qf3 Bg7 19. Ne4 Rc8 20. Ba3 Rc7 21. Nd6 Bf8 22. Nxe8 Nxe8 23. Bxf8 Kxf8 24. d5 Ng7 25. Rcd1 exd5 26. Rxd5 Qe7 27. Nxg6+ hxg6 28. Rxe7 Kxe7 29. Qa3+ Ke8 30. c5 Ne6 31. cxb6 axb6 32. Rxa5 bxa5 33. Qxa5 f5 34. h4 Kf7 35. Qb6 Rc4 36. Kg2 f4 37. g4 g5 38. hxg5 Rc5 39. Qb7+ Rc7 40. Qd5 Ke7 41. Qe5 Rc5 42. Qf6+ Kd6 43. g6 Rc7 44. a4 Ra7 45. a5 Rxa5 46. g7 Ra8 47. Qf7 f3+ 48. Kg3 1-0

[Event "BIH-chT 15th"]
[Site "Bihac"]
[Date "2016.07.22"]
[Round "7.3"]
[White "Boric, Muhamed"]
[Black "Obuca, Bajro"]
[Result "1-0"]
[WhiteElo "2389"]
[BlackElo "2109"]
[PlyCount "99"]
[EventDate "2016.07.16"]
[EventType "team-tourn"]
[EventRounds "9"]
[EventCountry "BIH"]
[SourceTitle "CBM 173 Extra"]
[Source "ChessBase"]
[SourceDate "2016.08.29"]
[SourceVersion "1"]
[SourceVersionDate "2016.08.29"]
[SourceQuality "1"]
[WhiteTeam "Bihac"]
[BlackTeam "Gorazde"]
[WhiteTeamCountry "BIH"]
[BlackTeamCountry "BIH"]

1. d4 d5 2. Nf3 Nf6 3. c4 e6 4. Nc3 c6 5. e3 Bd6 6. Bd3 Nbd7 7. 0-0 h6 8. e4 dxe4 9. Nxe4 Nxe4 10. Bxe4 Nf6 11. Bc2 Qc7 12. Bd2 b6 13. b4 Bb7 14. a4 c5 15. bxc5 bxc5 16. d5 0-0 17. Bc3 e5 18. Re1 Rfe8 19. h3 Ba6 20. Nd2 Bc8 21. Qf3 Bd7 22. Re3 Re7 23. Rae1 Rae8 24. Qd1 Qc8 25. Qb1 Qc7 26. Qa1 Bc8 27. Nf3 Nd7 28. Bf5 f6 29. Bg6 Rd8 30. Nh4 Nf8 31. Bd3 Rde8 32. Qb1 Bd7 33. Qc2 Rb8 34. Bf5 Be8 35. Bd3 Bd7 36. Qd1 Rb4 37. Bxb4 cxb4 38. Qc2 Bc5 39. Rf3 Qa5 40. Ra1 Be8 41. Nf5 Rb7 42. Be4 a6 43. Rg3 Kh8 44. Qd2 g5 45. Nxh6 Bd4 46. Rb1 Qc5 47. Bf3 Rb6 48. Ng4 Qe7 49. a5 Bc3 50. Qc1 1-0

[Event "BIH-chT 15th"]
[Site "Bihac"]
[Date "2016.07.21"]
[Round "6.4"]
[White "Popovic, Zoran"]
[Black "Boric, Muhamed"]
[Result "0-1"]
[WhiteElo "2328"]
[BlackElo "2389"]
[PlyCount "43"]
[EventDate "2016.07.16"]
[EventType "team-tourn"]
[EventRounds "9"]
[EventCountry "BIH"]
[SourceTitle "CBM 173 Extra"]
[Source "ChessBase"]
[SourceDate "2016.08.29"]
[SourceVersion "1"]
[SourceVersionDate "2016.08.29"]
[SourceQuality "1"]
[WhiteTeam "Samac"]
[BlackTeam "Bihac"]
[WhiteTeamCountry "BIH"]
[BlackTeamCountry "BIH"]

1. d4 d5 2. c4 c6 3. Nc3 Nf6 4. e3 e6 5. Nf3 Nbd7 6. Bd3 dxc4 7. Bxc4 b5 8. Bd3 Bb7 9. Qe2 a6 10. e4 c5 11. d5 c4 12. Bc2 e5 13. 0-0 Bd6 14. Nh4 g6 15. Nf3 0-0 16. Nd1 Nh5 17. g3 Nc5 18. Bh6 Re8 19. Ne3 Bc8 20. Rfd1 Bd7 21. Bg5 f6 22. Bh6 0-1

[Event "BIH-chT 15th"]
[Site "Bihac"]
[Date "2016.07.20"]
[Round "5.2"]
[White "Boric, Muhamed"]
[Black "Tomic, Aleksandar"]
[Result "0-1"]
[WhiteElo "2389"]
[BlackElo "2272"]
[PlyCount "92"]
[EventDate "2016.07.16"]
[EventType "team-tourn"]
[EventRounds "9"]
[EventCountry "BIH"]
[SourceTitle "CBM 173 Extra"]
[Source "ChessBase"]
[SourceDate "2016.08.29"]
[SourceVersion "1"]
[SourceVersionDate "2016.08.29"]
[SourceQuality "1"]
[WhiteTeam "Bihac"]
[BlackTeam "Kiseljak"]
[WhiteTeamCountry "BIH"]
[BlackTeamCountry "BIH"]

1. Nf3 c5 2. g3 g6 3. Bg2 Bg7 4. 0-0 Nc6 5. c4 e6 6. Nc3 Nge7 7. d3 0-0 8. Bg5 h6 9. Bd2 Rb8 10. a3 a6 11. Qa4 b5 12. cxb5 axb5 13. Nxb5 d5 14. Rac1 Qb6 15. Nc3 Bd7 16. Qc2 Qxb2 17. a4 Nd4 18. Qd1 Qb3 19. Rb1 Qxd1 20. Rfxd1 Nb3 21. Be1 d4 22. Nb5 Bxb5 23. axb5 Rxb5 24. Rb2 Nd5 25. Nd2 Nc3 26. Rxb3 Rxb3 27. Nxb3 Nxd1 28. Nxc5 Rb8 29. Bf3 Rb1 30. Kg2 Ne3+ 31. fxe3 Rxe1 32. Kf2 Rb1 33. Ne4 Kf8 34. Nd2 Rb4 35. Nc4 dxe3+ 36. Kxe3 Bf6 37. Kf2 Bd4+ 38. e3 Ba7 39. Be2 Ra4 40. d4 Ra2 41. Kf3 Bb8 42. Nb6 Ke7 43. Nc4 g5 44. Kf2 f5 45. Ke1 Bc7 46. Kf2 g4 0-1

[Event "Bodensee op"]
[Site "Bregenz"]
[Date "2016.05.07"]
[Round "8"]
[White "Sucher, Johannes"]
[Black "Boric, Muhamed"]
[Result "0-1"]
[WhiteElo "2107"]
[BlackElo "2395"]
[PlyCount "150"]
[EventDate "2016.04.30"]
[EventType "swiss"]
[EventRounds "9"]
[EventCountry "AUT"]
[SourceTitle "CBM 172 Extra"]
[Source "ChessBase"]
[SourceDate "2016.06.21"]
[SourceVersion "1"]
[SourceVersionDate "2016.06.21"]
[SourceQuality "1"]

1. d4 c5 2. Nf3 cxd4 3. Nxd4 Nf6 4. Nc3 d6 5. e4 a6 6. Be2 e5 7. Nb3 Be7 8. a4 Be6 9. Be3 Nbd7 10. Nd2 Rc8 11. 0-0 0-0 12. a5 Qc7 13. h3 Qc6 14. Ra4 Rfd8 15. Bc4 d5 16. exd5 Nxd5 17. Bxd5 Bxd5 18. Nxd5 Qxd5 19. c4 Qd3 20. Qb3 Nc5 21. Bxc5 Bxc5 22. Qxd3 Rxd3 23. Ne4 Bd4 24. Rb4 Rc7 25. Rc1 f5 26. Ng5 Rd2 27. Nf3 Rxb2 28. Rxb2 Bxb2 29. Rc2 Ba1 30. Kf1 e4 31. Nd2 Kf7 32. Ke2 Bf6 33. g4 g6 34. gxf5 gxf5 35. f3 exf3+ 36. Kxf3 Be5 37. Nb3 Kf6 38. Nc1 Rg7 39. Ne2 Rd7 40. Ke3 Bc7 41. Ra2 Re7+ 42. Kd3 f4 43. Nc3 Re3+ 44. Kc2 Kf5 45. Ra4 f3 46. Nd5 Re1 47. Ra3 Ke4 48. Nf6+ Kf4 49. Nh5+ Ke4 50. Nf6+ Kd4 51. Rxf3 Bxa5 52. Rf4+ Kc5 53. Nxh7 Re2+ 54. Kd3 Rd2+ 55. Ke3 Rd7 56. Rf5+ Kxc4 57. Nf8 Re7+ 58. Kf3 Bc3 59. Ng6 Rh7 60. Kg4 a5 61. Nf4 a4 62. Ne2 Bb2 63. Rf4+ Kb5 64. Rf5+ Kb4 65. Rf4+ Ka5 66. Rf8 b5 67. Nf4 Rd7 68. Rf5 a3 69. Ne6 a2 70. Nc5 a1Q 71. Nb3+ Ka4 72. Nxa1 Bxa1 73. Rf8 Bd4 74. Kf3 b4 75. Ra8+ Kb3 0-1

[Event "Bodensee op"]
[Site "Bregenz"]
[Date "2016.05.05"]
[Round "6"]
[White "Boehm, Juergen"]
[Black "Boric, Muhamed"]
[Result "1-0"]
[WhiteElo "2207"]
[BlackElo "2395"]
[PlyCount "75"]
[EventDate "2016.04.30"]
[EventType "swiss"]
[EventRounds "9"]
[EventCountry "AUT"]
[SourceTitle "CBM 172 Extra"]
[Source "ChessBase"]
[SourceDate "2016.06.21"]
[SourceVersion "1"]
[SourceVersionDate "2016.06.21"]
[SourceQuality "1"]

1. d4 Nf6 2. c4 g6 3. Nc3 d5 4. Qb3 dxc4 5. Qxc4 Bg7 6. e4 0-0 7. Be2 a6 8. Nf3 b5 9. Qb3 c5 10. dxc5 Bb7 11. e5 Nfd7 12. Be3 e6 13. 0-0 Qc7 14. Rac1 Nc6 15. Rfd1 Ndxe5 16. Nxe5 Bxe5 17. h3 Rfd8 18. Ne4 Nd4 19. Bxd4 Rxd4 20. c6 Rxd1+ 21. Qxd1 Rd8 22. Qxd8+ Qxd8 23. cxb7 Kg7 24. Bf3 Qd4 25. Rd1 Qxb2 26. Nd6 Bxd6 27. Rxd6 Qc1+ 28. Rd1 Qc7 29. g3 a5 30. Bc6 Qb6 31. Rc1 Qc7 32. Rc2 b4 33. Be4 Qe5 34. Rc8 Qxe4 35. b8Q Qb1+ 36. Kg2 Qxa2 37. Qe5+ Kh6 38. Rg8 1-0